|
|
|
|
| LEADER |
00000nam0a2200000 4500 |
| 001 |
68386 |
| 005 |
20231101212400.0 |
| 010 |
|
|
|a 5947239787
|
| 035 |
|
|
|a (RuTPU)RU\TPU\book\72826
|
| 090 |
|
|
|a 68386
|
| 100 |
|
|
|a 20041005d2004 m y0rusy50 ca
|
| 101 |
0 |
|
|a rus
|
| 102 |
|
|
|a RU
|
| 105 |
|
|
|a y z 001zy
|
| 200 |
1 |
|
|a Школа продаж
|f А. Деревицкий
|
| 210 |
|
|
|a СПб.
|c Питер
|d 2004
|
| 215 |
|
|
|a 270 с.
|
| 225 |
1 |
|
|a Продажи на 100%
|
| 320 |
|
|
|a Библиогр.: с. 270.
|
| 606 |
1 |
|
|a Продажи
|x Управление
|2 stltpush
|3 (RuTPU)RU\TPU\subj\67713
|9 83405
|
| 610 |
1 |
|
|a экономика
|
| 610 |
1 |
|
|a маркетинг
|
| 610 |
1 |
|
|a продажи
|
| 610 |
1 |
|
|a коммерция
|
| 610 |
1 |
|
|a торговля
|
| 610 |
1 |
|
|a товары
|
| 610 |
1 |
|
|a клиенты
|
| 610 |
1 |
|
|a продавцы
|
| 610 |
1 |
|
|a психология
|
| 610 |
1 |
|
|a примеры
|
| 686 |
|
|
|a У9(2)421
|v LBC/SL-A
|2 rubbk
|
| 686 |
|
|
|a У9(2)212.4
|v LBC/SL-A
|2 rubbk
|
| 700 |
|
1 |
|a Деревицкий
|b А.
|g Александр
|
| 801 |
|
1 |
|a RU
|b 63413507
|c 20041005
|g PSBO
|
| 801 |
|
2 |
|a RU
|b 63413507
|c 20211028
|g PSBO
|
| 900 |
|
|
|a Технологии продаж
|
| 942 |
|
|
|c BK
|
| 959 |
|
|
|a 119/20040924
|d 1
|e 88
|f ЧЗГЛ:1
|